[Event "28th Elekes Mem GM"]
[Site "Budapest HUN"]
[Date "2003.05.18"]
[Round "2"]
[White "Burnett,R"]
[Black "Anka,E"]
[Result "1/2-1/2"]
[WhiteElo "2442"]
[BlackElo "2451"]

1.Nf3 Nf6 2.c4 b6 3.g3 c5 4.Bg2 Bb7 5.O-O g6 6.Nc3 Bg7 7.d3 O-O 8.e4 d6 9.Nh4 Nc6
10.f4 e6 11.Rb1 Ne8 12.Be3 Nc7 13.Nf3 d5 14.exd5 exd5 15.d4 Re8 16.Bf2 cxd4
17.Nxd5 Nxd5 18.cxd5 Nb4 19.Qd2 Nxd5 20.Nxd4 Qd7 21.Nc2 Rad8 22.Rfe1 Rxe1+
23.Rxe1 Bxb2 24.Rd1 Bc6 25.Qe1 Qc8 26.Ne3 Nxe3 27.Rxd8+ Qxd8 28.Bxc6 Nd1
29.Kg2 Qd6 30.Bf3 Nxf2 31.Qxf2 Bd4 32.Qc2 Bc5 33.Qd1 Qf6 34.Qd2 Kg7 35.Bd5 Qa1
36.Bc4 Bd4 37.Qe2 Bc5 38.Qd2 Qf6 39.Qd5 h5 40.h4 Bd4 41.Qd7 Bb2 42.Kh3 a5
43.Kg2 Ba3 44.Kh3 Be7 45.Qd5 Kf8 46.Qa8+ Bd8 47.Qd5 Kg7 48.Qd7 Be7 49.Qd5 Bd6
50.Qe4 Bb8 51.Kg2 Bd6 52.Kh3 Bb4 53.Qd5 Ba3 54.Qd7 Bc1 55.Qd5 Be3 56.Qe4 Bg1
57.Kg2 Bc5 58.Kh3 Qd6 59.Qe8 Qc7 60.Bd5 Bd4 61.Qc6 Qe7 62.Qb7 Qf6 63.Qd7 Be3
64.Kg2 Bc5 65.Kh3 Be7 66.Bc4  1/2-1/2

[Event "17th Open"]
[Site "Pula CRO"]
[Date "2003.06.01"]
[Round "1"]
[White "Ramin,M"]
[Black "Stojanovski,D"]
[Result "0-1"]
[WhiteElo "2126"]
[BlackElo "2439"]

1.c4 Nf6 2.Nf3 c5 3.g3 b6 4.Bg2 Bb7 5.O-O g6 6.Nc3 Bg7 7.d4 cxd4 8.Nxd4 Bxg2
9.Kxg2 Qc8 10.Qd3 Nc6 11.Nxc6 Qxc6+ 12.f3 Rc8 13.b3 d5 14.Nxd5 Nxd5 15.cxd5 Qc2
16.Qb5+ Kd8 17.Ba3 Bxa1 18.Rxa1 Qd2 19.Bb4 Qd4 20.Re1 Rc7 21.Ba3 Kc8 22.Rc1 Rxc1
23.Bxc1 Qc5 24.Qa6+ Kb8 25.Bf4+ Ka8 26.h4 Qxd5 27.e4 Qc6 28.Qd3 Rc8 29.Qd4 h5
30.Kh3 Qb5 31.g4 hxg4+ 32.Kxg4 Qc5 33.Qd7 Rh8 34.Kg3 Qg1+ 35.Kh3 Qh1+  0-1

[Event "4th IECC"]
[Site "Istanbul TUR"]
[Date "2003.06.03"]
[Round "5"]
[White "Pogorelov,R"]
[Black "Schandorff,L"]
[Result "1/2-1/2"]
[WhiteElo "2489"]
[BlackElo "2563"]

1.Nf3 Nf6 2.c4 b6 3.g3 c5 4.Bg2 Bb7 5.O-O g6 6.Nc3 Bg7 7.d4 cxd4 8.Qxd4 Nc6
9.Qf4 Qb8 10.Qxb8+ Rxb8 11.Bf4 d6 12.Rac1 O-O 13.Rfd1 Rbc8 14.Bh3 Rcd8 15.b3 h6
16.Nd5 g5 17.Nxf6+ Bxf6 18.Be3 Bb2  1/2-1/2

[Event "4th IECC"]
[Site "Istanbul TUR"]
[Date "2003.06.07"]
[Round "8"]
[White "Andersson,U"]
[Black "Olafsson,H"]
[Result "1/2-1/2"]
[WhiteElo "2594"]
[BlackElo "2473"]

1.Nf3 Nf6 2.c4 b6 3.g3 c5 4.Bg2 Bb7 5.O-O g6 6.b3 Bg7 7.Bb2 O-O 8.Nc3 Na6
9.d4 d5 10.cxd5 Nxd5 11.Rc1 Rc8 12.e3 Nxc3 13.Bxc3 Bxf3  1/2-1/2

[Event "IV Open"]
[Site "Lido Estensi ITA"]
[Date "2003.06.09"]
[Round "3"]
[White "Bukal,V"]
[Black "Efimov,I"]
[Result "1/2-1/2"]
[WhiteElo "2414"]
[BlackElo "2477"]

1.c4 b6 2.Nf3 Bb7 3.g3 Nf6 4.Bg2 c5 5.O-O g6 6.Nc3 Bg7 7.d4 cxd4 8.Qxd4 d6
9.Bd2 Nc6 10.Qd3 O-O 11.Rac1 Nd7 12.b3 Nce5 13.Nxe5 Nxe5 14.Qe3 Qd7 15.Bxb7 Qxb7
16.Qe4  1/2-1/2

[Event "IV Open"]
[Site "Lido Estensi ITA"]
[Date "2003.06.11"]
[Round "5"]
[White "Borgo,G"]
[Black "Pavlovic,Mi"]
[Result "1/2-1/2"]
[WhiteElo "2425"]
[BlackElo "2570"]

1.Nf3 Nf6 2.c4 b6 3.g3 Bb7 4.Bg2 c5 5.O-O g6 6.Nc3 Bg7 7.Re1 Ne4 8.Nxe4 Bxe4
9.d4 O-O 10.d5 e6 11.Bh3 Bxf3 12.exf3 Na6 13.Re2 Nc7 14.Bf4 Bd4 15.Qa4 a6
16.Rd1 exd5 17.Bxc7 Qxc7 18.cxd5 b5 19.Qc2 Qd6 20.b4 Rac8 21.Qd2 Rc7 22.f4 Bf6
23.bxc5 Rxc5 24.f5 Kg7 25.fxg6 hxg6 26.Bg2 Rfc8 27.Be4 Rc4 28.Kg2 Re8 29.Bf3 Rxe2
30.Qxe2 Qc5 31.h4 Rc2 32.Rd2  1/2-1/2

[Event "FSGM June"]
[Site "Budapest HUN"]
[Date "2003.06.14"]
[Round "8"]
[White "Kraai,J"]
[Black "Kallio,H"]
[Result "1/2-1/2"]
[WhiteElo "2454"]
[BlackElo "2470"]

1.Nf3 Nf6 2.c4 b6 3.g3 c5 4.Bg2 Bb7 5.O-O g6 6.d4 cxd4 7.Qxd4 Bg7 8.Qh4 h6
9.Nc3 d6 10.Ne1 Bxg2 11.Nxg2 Nbd7 12.Bd2 Rc8 13.Ne3 Ne5 14.b3 h5 15.Ned5 Qd7
16.Rac1 Qg4 17.Qxg4 hxg4 18.Nb5 Nc6 19.Rfd1 Ne4 20.Be3 Bh6 21.Bxh6  1/2-1/2

[Event "31st World Open"]
[Site "Philadelphia USA"]
[Date "2003.07.02"]
[Round "3"]
[White "Kraai,J"]
[Black "Harmon,C"]
[Result "1-0"]
[WhiteElo "2454"]
[BlackElo "2198"]

1.Nf3 Nf6 2.c4 b6 3.g3 Bb7 4.Bg2 c5 5.O-O g6 6.Nc3 Bg7 7.Re1 d6 8.e3 Nbd7
9.d4 cxd4 10.exd4 O-O 11.b3 Re8 12.Bb2 Rc8 13.Qd2 a6 14.Rac1 Rc7 15.d5 Qa8
16.Nd4 Nc5 17.Nc6 e5 18.b4 Ncd7 19.a4 Nb8 20.b5 a5 21.Ba3 Bf8 22.Re2 Nbd7
23.Rce1 h6 24.Nd1 Nc5 25.Bxc5 bxc5 26.Nxa5 Nd7 27.Nb2 Bg7 28.Nc6 f5 29.a5 Bc8
30.Na4 Nf6 31.Nxe5 dxe5 32.d6 Rb7 33.Nb6  1-0

[Event "FSGM July"]
[Site "Budapest HUN"]
[Date "2003.07.09"]
[Round "5"]
[White "Medvegy,Z"]
[Black "Pedersen,NV"]
[Result "1/2-1/2"]
[WhiteElo "2498"]
[BlackElo "2528"]

1.Nf3 Nf6 2.c4 b6 3.g3 c5 4.Bg2 Bb7 5.O-O g6 6.d4 cxd4 7.Qxd4 Bg7 8.Nc3 d6
9.Bg5 Nbd7 10.Qd2 Rc8 11.b3 a6 12.Rac1 O-O 13.Bh6 Bxh6 14.Qxh6 Rc5 15.Rfd1  1/2-1/2

[Event "zt 3.3"]
[Site "Yongchuan CHN"]
[Date "2003.07.12"]
[Round "2"]
[White "Zhao Jun"]
[Black "Yu Shaoteng"]
[Result "0-1"]
[WhiteElo "2447"]
[BlackElo "2508"]

1.Nf3 Nf6 2.c4 b6 3.g3 Bb7 4.Bg2 c5 5.O-O g6 6.d3 Bg7 7.Nc3 O-O 8.Bg5 h6
9.Bd2 Nc6 10.Qc1 Kh7 11.a3 Rc8 12.b4 d5 13.Rb1 cxb4 14.axb4 dxc4 15.dxc4 Nd4
16.c5 bxc5 17.bxc5 Bxf3 18.exf3 Rxc5 19.Qe1 Qc7 20.Ne4 Rc2 21.f4 Qc4 22.Rb4 Qd3
23.Be3 Nd5 24.Bxd4 Bxd4 25.Rb7 Ne3 26.fxe3 Rxg2+ 27.Kxg2 Qxe4+ 28.Kh3 Qxb7
29.exd4 e6 30.Qe5 Rc8 31.Rf2 Qb6 32.Ra2 Rd8 33.Ra5 Kg8 34.Rc5 Qb1 35.Qf6 Qf1+
36.Kh4 Rf8 37.Rc7 a6 38.Qe5 Qg2 39.h3 Qa8 40.Qc5 Qe4 41.Ra7 g5+ 42.Kh5 gxf4
43.gxf4 Qxf4 44.Qe5 Qf3+ 45.Kh4 Rd8 46.Rxa6 Qf2+ 47.Kh5 Qg2 48.Qf4 Qxh3+  0-1

[Event "Masters"]
[Site "Saint Lo FRA"]
[Date "2003.07.17"]
[Round "9"]
[White "Poley,V"]
[Black "Le Roux,JP"]
[Result "0-1"]
[WhiteElo "2383"]
[BlackElo "2442"]

1.Nf3 Nf6 2.g3 b6 3.Bg2 Bb7 4.O-O c5 5.c4 g6 6.Nc3 Bg7 7.Re1 O-O 8.e4 Nc6
9.d3 Ne8 10.Be3 Nc7 11.Qd2 Re8 12.Bh6 Bh8 13.h4 Ne6 14.h5 Ned4 15.Nh2 a6
16.Rac1 b5 17.b3 d6 18.g4 e6 19.Re3 Bg7 20.Bxg7 Kxg7 21.h6+ Kh8 22.f4 g5
23.Rf1 gxf4 24.Rxf4 Ne5 25.Qf2 Rg8 26.Rg3 Qg5 27.Rh3 b4 28.Rh5 Qd8 29.Nd5 Nxd3
30.Qe3 Nxf4 31.Nxf4 Qf6 32.g5 Qxf4  0-1

[Event "Summer"]
[Site "Tel Aviv ISR"]
[Date "2003.07.20"]
[Round "1"]
[White "Kreizberg,M"]
[Black "Rodshtein,M"]
[Result "1/2-1/2"]
[WhiteElo "2353"]
[BlackElo "2344"]

1.Nf3 Nf6 2.c4 b6 3.g3 c5 4.Bg2 Bb7 5.O-O g6 6.e3 Bg7 7.d4 O-O 8.d5 b5 9.Re1 bxc4
10.e4 d6 11.Nfd2 Nbd7 12.Nxc4 Ba6 13.Nba3 Nb6 14.Na5 Qc7 15.Nc6 e6 16.Bf4 Nh5
17.Rb1 Nxf4 18.gxf4 Rae8 19.b4 exd5 20.exd5 cxb4 21.Rxb4 Nd7 22.Re3 Nc5 23.Bf1 Bxf1
24.Qxf1 Qd7 25.Qe2 Rxe3 26.fxe3 Re8 27.Nc4 Ne4 28.Qf3 Nc5 29.Rb1 Bf6 30.Rd1 Ne4
31.h3 h5 32.Kg2 Kg7 33.Rf1 Qf5 34.Rd1 Kh6 35.Kh2 Bh4 36.Rd4 Kg7 37.Kg2 Bf6
38.Rd1 Kh7  1/2-1/2

[Event "ch-NED Open"]
[Site "Dieren NED"]
[Date "2003.07.30"]
[Round "8"]
[White "Hartoch,R"]
[Black "Michielsen,J"]
[Result "1-0"]
[WhiteElo "2318"]
[BlackElo "2190"]

1.Nf3 c5 2.c4 b6 3.g3 Bb7 4.Bg2 Nf6 5.O-O g6 6.b3 Bg7 7.Bb2 O-O 8.d4 cxd4
9.Qxd4 d6 10.Nc3 Nbd7 11.Qd2 Rc8 12.Rac1 a6 13.Nd4 Bxg2 14.Kxg2 Qc7 15.f3 Qb7
16.e4 Nc5 17.Rfe1 Rfd8 18.Rcd1 Ne8 19.Nd5 b5 20.cxb5 axb5 21.Nxb5 Qxb5 22.Nxe7+ Kf8
23.Nxc8 Rxc8 24.Bxg7+ Kxg7 25.Qc3+  1-0

[Event "Summer"]
[Site "Tel Aviv ISR"]
[Date "2003.07.31"]
[Round "11"]
[White "Kaganskiy,G"]
[Black "Rodshtein,M"]
[Result "0-1"]
[WhiteElo "2393"]
[BlackElo "2344"]

1.Nf3 Nf6 2.c4 b6 3.g3 c5 4.Bg2 Bb7 5.O-O g6 6.Nc3 Bg7 7.d4 cxd4 8.Qxd4 O-O
9.Qh4 d6 10.Bh6 Nbd7 11.Rfd1 Rc8 12.b3 Rc5 13.Bxg7 Kxg7 14.Qd4 Qa8 15.e4 a6
16.Ne1 Rc7 17.Nd3 Kg8 18.Nb4 Rfc8 19.Ncd5 Nxd5 20.Nxd5 Bxd5 21.exd5 b5 22.cxb5 axb5
23.Re1 Nf6 24.a4 bxa4 25.Rxa4 Qb8 26.Rb4 Rc1 27.Qd2 Qc7 28.Bf3 Rxe1+ 29.Qxe1 Qa5
30.Qd2 Kg7 31.Qd4 Rc1+ 32.Kg2 Qa6 33.Kh3 Qf1+ 34.Bg2 Qe2 35.Qe3 Qxe3 36.fxe3 Rc3
37.e4 g5 38.Bf1 Rc2 39.g4 Rc3+ 40.Kg2 Nxg4 41.Ba6 Rc2+ 42.Kg3 h5 43.Rb7 Kf6
44.b4 Ne5 45.h4 Rc3+ 46.Kf2 gxh4 47.Rb8 h3 48.Rh8 Ng4+ 49.Ke2 Kg5  0-1

[Event "Independence Cup"]
[Site "Kyiv UKR"]
[Date "2003.08.13"]
[Round "1"]
[White "Julin,A"]
[Black "Taborov,B"]
[Result "0-1"]
[WhiteElo "2224"]
[BlackElo "2446"]

1.Nf3 Nf6 2.c4 b6 3.g3 Bb7 4.Bg2 c5 5.O-O g6 6.Nc3 Bg7 7.d3 O-O 8.e4 Nc6
9.h3 Ne8 10.Bg5 Nc7 11.Qd2 Ne6 12.Bh6 Ned4 13.Nh2 e6 14.e5 d6 15.Bxg7 Kxg7
16.exd6 Qxd6 17.Ne4 Qe7 18.Rae1 Rad8 19.g4 f5 20.gxf5 gxf5 21.Qg5+ Qxg5 22.Nxg5 Rfe8
23.f4 h6 24.Ngf3 Nc2 25.Re2 N2b4 26.Ne5 Nxe5 27.Rxe5 Bxg2 28.Kxg2 Nxd3 29.Re3 Rd4  0-1

[Event "ADCF Masters"]
[Site "Abu Dhabi UAE"]
[Date "2003.08.16"]
[Round "1"]
[White "Yehya,A"]
[Black "Kunte,A"]
[Result "1/2-1/2"]
[WhiteElo "2290"]
[BlackElo "2515"]

1.Nf3 Nf6 2.g3 b6 3.Bg2 Bb7 4.O-O c5 5.c4 g6 6.d4 cxd4 7.Nxd4 Bxg2 8.Kxg2 Bg7
9.Nc3 O-O 10.e4 d6 11.b3 a6 12.Bb2 e6 13.Qe2 Qc7 14.Rfd1 Nbd7 15.f4 Rfd8
16.Nf3 Nc5 17.e5 dxe5 18.Nxe5 Ne8 19.Kg1 Nd6 20.Rd2 Nf5 21.Rad1 Rxd2 22.Rxd2 Rd8
23.Qd1 Rxd2 24.Qxd2 f6 25.Nf3 Kf7 26.Ne2 Ne4 27.Qd3 Qc5+ 28.Ned4 Nfd6 29.Qe3 b5
30.cxb5 axb5 31.Kg2 e5 32.fxe5 fxe5 33.b4 Qa7 34.Nf5 Qxa2 35.Nxd6+ Nxd6 36.Nxe5+ Kg8
37.Qe2 Qd5+ 38.Nf3 Qa2 39.Ne5 Qe6 40.Kf2 h6 41.Nd3 Qf7+ 42.Kg1 Qa2 43.Kf2 Bxb2
44.Qxb2 Qf7+ 45.Kg1 Qd5 46.Nf4 Qd1+ 47.Kg2 g5 48.Qe2  1/2-1/2

[Event "23rd Open"]
[Site "Bratto ITA"]
[Date "2003.08.27"]
[Round "7"]
[White "Borgo,G"]
[Black "Contin,D"]
[Result "1/2-1/2"]
[WhiteElo "2423"]
[BlackElo "2356"]

1.Nf3 Nf6 2.c4 b6 3.g3 c5 4.Bg2 Bb7 5.O-O g6 6.d4 cxd4 7.Qxd4 Bg7 8.Nc3 d6
9.Rd1 Nbd7 10.b3 O-O 11.Bb2 Ne4  1/2-1/2

[Event "2nd It"]
[Site "Pays de Charleroi BEL"]
[Date "2003.08.28"]
[Round "7"]
[White "Vandevoort,P"]
[Black "Genov,Peta"]
[Result "1-0"]
[WhiteElo "2353"]
[BlackElo "2501"]

1.Nf3 c5 2.c4 b6 3.g3 Bb7 4.Bg2 Nf6 5.O-O g6 6.Nc3 Bg7 7.d4 cxd4 8.Qxd4 d6
9.Rd1 Nbd7 10.Be3 Rc8 11.b3 a6 12.Rac1 O-O 13.Qh4 Re8 14.Bh3 Bxf3 15.exf3 Rc7
16.g4 b5 17.g5 Nh5 18.Nd5 Rb7 19.cxb5 axb5 20.Qe4 Rb8 21.Nb4 Rc8 22.Rxc8 Qxc8
23.Rc1 Nc5 24.Bxc8 Nxe4 25.fxe4 Bb2 26.Rc2 Ba3 27.Nd3 e6 28.Bd7 Rd8 29.Bxb5 d5
30.e5 Ng7 31.Ba6 d4 32.Bc1 Be7 33.Rc8 Rxc8 34.Bxc8 Kf8 35.Bb7 Ke8 36.Be4 Kd7
37.Kf1 Ne8 38.h4 Nc7 39.a4 Na6 40.Bb2 Nc5 41.Nxc5+ Bxc5 42.Ke2  1-0

[Event "ch-Nordic"]
[Site "Aarhus DEN"]
[Date "2003.09.09"]
[Round "4"]
[White "Olafsson,H1"]
[Black "Schandorff,L"]
[Result "1/2-1/2"]
[WhiteElo "2498"]
[BlackElo "2525"]

1.Nf3 Nf6 2.c4 b6 3.g3 c5 4.Bg2 Bb7 5.O-O g6 6.Nc3 Bg7 7.Re1 O-O 8.e4 Nc6
9.e5 Ne8 10.d4 Nxd4 11.Nxd4 Bxg2 12.Kxg2 cxd4 13.Qxd4 d6 14.Bf4 dxe5 15.Qxd8 Rxd8
16.Bxe5 Bxe5 17.Rxe5 e6 18.Rc1 Nf6 19.Re2 Rd7  1/2-1/2

[Event "FSGM September"]
[Site "Budapest HUN"]
[Date "2003.09.09"]
[Round "4"]
[White "Flumbort,A"]
[Black "Timoshenko,G"]
[Result "1/2-1/2"]
[WhiteElo "2471"]
[BlackElo "2548"]

1.Nf3 Nf6 2.c4 b6 3.g3 Bb7 4.Bg2 c5 5.O-O g6 6.Nc3 Bg7 7.d4 cxd4 8.Qxd4 d6
9.Rd1 Nbd7 10.Be3 Rc8 11.b3 a6 12.Rac1 O-O 13.Qh4 Re8 14.Bh3 Rb8 15.Bh6 b5
16.Ng5 Bxh6 17.Qxh6 bxc4 18.bxc4 Nf8 19.c5 Ba8 20.cxd6 exd6 21.Qh4 Re5 22.Qf4 Qe7
23.Nf3 Ne6 24.Qd2 Rc5 25.Bg2 Nc7 26.Na4  1/2-1/2

[Event "EYg16"]
[Site "Budva YUG"]
[Date "2003.09.17"]
[Round "5"]
[White "Djukic,Sa"]
[Black "Bjeloglav,M"]
[Result "1-0"]
[WhiteElo "2033"]
[BlackElo "2019"]

1.Nf3 Nf6 2.c4 c5 3.g3 b6 4.Bg2 Bb7 5.O-O g6 6.d3 Bg7 7.Nc3 d6 8.e4 Nbd7
9.h3 O-O 10.Nh2 Rb8 11.Bg5 h6 12.Be3 a6 13.Qd2 Kh7 14.a3 b5 15.cxb5 axb5
16.b4 Ba6 17.Rac1 Rc8 18.Ne2 Rc7 19.f4 Qc8 20.g4 Ng8 21.Nf3 e6 22.g5 f6 23.gxf6 Ngxf6
24.Nh4 d5 25.e5 Ng8 26.d4 cxd4 27.Nxd4 Re8 28.Qd3 Nf8 29.Nxb5 Rxc1 30.Rxc1 Qd7
31.a4 Rb8 32.Rc5 Ne7 33.Bf1 Nf5 34.Nxf5 gxf5 35.Qc3 Qe8 36.Nd6 Qg6+ 37.Bg2 Be2
38.Kh2 Nd7 39.Rc7 Nb6 40.Bxb6 Rxb6 41.Qe3  1-0

[Event "ECC"]
[Site "Rethymnon GRE"]
[Date "2003.10.04"]
[Round "7"]
[White "Kobalia,M"]
[Black "Babula,V"]
[Result "1/2-1/2"]
[WhiteElo "2656"]
[BlackElo "2550"]

1.Nf3 Nf6 2.c4 b6 3.g3 Bb7 4.Bg2 c5 5.O-O g6 6.Nc3 Bg7 7.Re1 O-O 8.d3 d5
9.cxd5 Nxd5 10.Bd2 Nc6 11.Qa4 e6 12.Rec1 a6 13.Rab1 Rc8 14.Bg5 Qd7 15.a3 h6
16.Bd2 Rfe8 17.Qb3 c4 18.Qc2 Nxc3 19.bxc3 cxd3 20.Qxd3 Qc7 21.Qe3 Na5 22.Qf4 Nc4
23.Qxc7 Rxc7 24.Be1 Be4 25.Ra1 Bf8 26.a4 Rd8 27.Ne5 Bxg2 28.Nxc4 Rxc4 29.Kxg2 Bc5
30.Rc2 Kf8 31.f3 Ke7 32.Bf2 Rc8 33.Bxc5+ R8xc5 34.Rb1 Rc6 35.Rcb2 Rxa4 36.Rxb6 Rxc3
37.Rb7+ Kf6 38.R1b2 Rca3 39.Rc2 Ra2 40.Rcc7 Rxe2+ 41.Kh3 Raa2 42.Rxf7+ Ke5
43.f4+ Ke4 44.Rf6 Kd5 45.Rxg6 Rxh2+ 46.Kg4 Ra3  1/2-1/2

[Event "FSIM October"]
[Site "Budapest HUN"]
[Date "2003.10.09"]
[Round "6"]
[White "Kaposztas,M"]
[Black "Horvath,An"]
[Result "1/2-1/2"]
[WhiteElo "2309"]
[BlackElo "2265"]

1.c4 Nf6 2.Nf3 c5 3.g3 b6 4.Bg2 Bb7 5.O-O g6 6.b3 Bg7 7.Bb2 O-O 8.d4 cxd4
9.Bxd4 d6 10.Bb2 Nbd7 11.Nbd2 Qc7 12.Rc1 Rac8 13.Qc2 Rfe8 14.Qb1 h6 15.Rfd1 Qb8
16.Bh3 Rcd8 17.Bg2 a6 18.Ne1 Nc5 19.h3 a5 20.Bc3 e5 21.Qa1 Bxg2 22.Nxg2 Qc8
23.Kh2 Nce4 24.Nxe4 Nxe4 25.Be1 Ng5 26.h4 Qh3+ 27.Kg1 Nh7 28.Qb1 Nf6 29.Ne3 h5
30.Bd2 e4 31.Bc3 Ng4 32.Nxg4 Qxg4 33.Bxg7 Kxg7 34.Qb2+ Kg8 35.e3 Re5 36.Rxd6 Rxd6
37.Qxe5 Rd1+ 38.Rxd1 Qxd1+ 39.Kh2 Qe2 40.Qb8+ Kg7 41.Qe5+ Kg8  1/2-1/2

[Event "EuTCh"]
[Site "Plovdiv BUL"]
[Date "2003.10.18"]
[Round "7"]
[White "Nikolaidis,I"]
[Black "Van den Doel,E"]
[Result "1/2-1/2"]
[WhiteElo "2467"]
[BlackElo "2609"]

1.Nf3 Nf6 2.c4 b6 3.g3 c5 4.Bg2 Bb7 5.O-O g6 6.Nc3 Bg7 7.d4 cxd4 8.Nxd4 Bxg2
9.Kxg2 Qc7 10.b3 Qb7+ 11.f3 Nc6 12.Bb2 O-O 13.e4 Rfd8 14.Rc1 e6 15.Nxc6  1/2-1/2

[Event "After Holidays GM"]
[Site "Tel Aviv ISR"]
[Date "2003.10.21"]
[Round "3"]
[White "Kaganskiy,G"]
[Black "Zagrebelny,S"]
[Result "1-0"]
[WhiteElo "2386"]
[BlackElo "2524"]

1.Nf3 Nf6 2.c4 b6 3.g3 Bb7 4.Bg2 c5 5.O-O g6 6.Nc3 Bg7 7.d4 cxd4 8.Qxd4 d6
9.Rd1 Nbd7 10.Be3 Rc8 11.Rac1 a6 12.b3 O-O 13.Qh4 Rc7 14.Ne1 Qa8 15.Bh3 b5
16.cxb5 axb5 17.Nxb5 Rxc1 18.Rxc1 Qxa2 19.Bxd7 Nxd7 20.Qxe7 Qxe2 21.Nxd6 Bb2
22.Rb1 Bc6 23.Nc4 Bc3 24.Qd6 Rc8 25.Qd3 Qa2 26.Rc1 Bb4 27.Nc2 Qa8 28.Nxb4 Bh1
29.Qf1 Qb7 30.Ra1 Be4 31.Ra7 Qxb4 32.Rxd7 Bf5 33.Rd4  1-0

[Event "WYb14"]
[Site "Halkidiki GRE"]
[Date "2003.10.29"]
[Round "7"]
[White "Margvelashvili,G"]
[Black "Rodshtein,M"]
[Result "1/2-1/2"]
[WhiteElo "2193"]
[BlackElo "2354"]

1.Nf3 Nf6 2.c4 b6 3.g3 c5 4.Bg2 Bb7 5.O-O g6 6.Nc3 Bg7 7.b3 O-O 8.Bb2 d6
9.d4 cxd4 10.Qxd4 Nbd7 11.Qd2 a6 12.Rac1 Re8 13.Nd5 Nxd5 14.Bxg7 Kxg7 15.cxd5 Nf6
16.Nd4 b5 17.a4 bxa4 18.bxa4 Rb8 19.Nc6 Bxc6 20.Rxc6 a5 21.Rfc1 Nd7 22.R6c4 Qb6
23.Rh4 Nf6 24.Bf3 Rec8 25.Rhc4 Rxc4 26.Rxc4 Qb1+ 27.Kg2 Rb4 28.Rxb4 axb4
29.a5 b3 30.a6 Qa2 31.Qb4  1/2-1/2

[Event "WYg18"]
[Site "Halkidiki GRE"]
[Date "2003.10.30"]
[Round "8"]
[White "Chistiakova,T"]
[Black "Meshcheriakova,E"]
[Result "1/2-1/2"]
[WhiteElo "2314"]
[BlackElo "2231"]

1.Nf3 Nf6 2.c4 b6 3.g3 c5 4.Bg2 Bb7 5.O-O g6 6.b3 Bg7 7.Bb2 d6 8.e3 Nbd7
9.d4 O-O 10.Nc3 a6 11.Qe2 Qc7 12.Rfd1 e6 13.Rd2 Ne4 14.Nxe4 Bxe4 15.Rad1 d5
16.cxd5 exd5 17.Ne1 Bxg2 18.Nxg2 c4 19.e4 Rfe8 20.Ne3 Rxe4 21.Nxd5 Rxe2 22.Nxc7 Rxd2
23.Rxd2 Rc8 24.Nd5 Bf8 25.Rc2 b5 26.bxc4 bxc4 27.Kf1 Rb8 28.Bc1 Rb5 29.Ne3 Bg7
30.Nxc4 Bxd4 31.Nd6 Rc5 32.Rxc5  1/2-1/2

[Event "TCh-AUT B Mitte 2003-4"]
[Site "St Veit AUT"]
[Date "2003.11.09"]
[Round "2"]
[White "Tratar,M"]
[Black "Stohl,I"]
[Result "1/2-1/2"]
[WhiteElo "2452"]
[BlackElo "2556"]

1.Nf3 Nf6 2.c4 b6 3.g3 c5 4.Bg2 Bb7 5.O-O g6 6.Nc3 Bg7 7.d4 cxd4 8.Qxd4 d6
9.Rd1 Nbd7 10.Be3 Rc8 11.b3 O-O 12.Qh4 a6 13.Rac1 Rc7 14.Bh6 Qe8  1/2-1/2

[Event "7th BayEM"]
[Site "Bad Wiessee GER"]
[Date "2003.11.12"]
[Round "5"]
[White "Seel,C"]
[Black "Cnossen,W"]
[Result "1-0"]
[WhiteElo "2315"]
[BlackElo "2151"]

1.Nf3 Nf6 2.c4 b6 3.g3 c5 4.Bg2 Bb7 5.O-O g6 6.d4 cxd4 7.Qxd4 Bg7 8.Rd1 Na6
9.Nc3 Nc5 10.b3 Ne6 11.Qe3 Ne4 12.Bb2 Qc8 13.Qc1 Nxc3 14.Bxc3 Bxc3 15.Qxc3 O-O
16.Qe3 d6 17.Bh3 Bxf3 18.exf3 Qc5 19.Rd3 Qxe3 20.Rxe3 Rac8 21.f4 Rc7 22.Rae1 Re8
23.Bxe6 fxe6 24.Rxe6 Kf7 25.Kg2 Rc5 26.R6e4 a5 27.Kf3 Rh5 28.h4 Rc5 29.Rd1 h5
30.Red4 Rec8 31.Rd5 Rxd5 32.Rxd5 Rc6 33.f5 Rc5 34.fxg6+ Kxg6 35.Ke4 a4 36.Rxc5 axb3
37.Rg5+  1-0

[Event "ch-IND A Women"]
[Site "Calicut IND"]
[Date "2003.11.12"]
[Round "5"]
[White "Harika,D"]
[Black "Ramaswamy,A"]
[Result "1/2-1/2"]
[WhiteElo "2353"]
[BlackElo "2322"]

1.Nf3 Nf6 2.c4 b6 3.g3 c5 4.Bg2 Bb7 5.O-O g6 6.Nc3 Bg7 7.d4 cxd4 8.Qxd4 d6
9.Rd1 Nbd7 10.Be3 Rc8 11.Rac1 a6 12.b3 O-O  1/2-1/2

[Event "63rd ch-ITA"]
[Site "Arvier ITA"]
[Date "2003.11.27"]
[Round "3"]
[White "Castaldo,F"]
[Black "Contin,D"]
[Result "0-1"]
[WhiteElo "2336"]
[BlackElo "2377"]

1.Nf3 Nf6 2.c4 b6 3.g3 c5 4.Bg2 Bb7 5.O-O g6 6.Nc3 Bg7 7.d4 cxd4 8.Qxd4 d6
9.Rd1 Nbd7 10.Be3 Rc8 11.Rac1 O-O 12.Qh4 Bxf3 13.exf3 a6 14.b3 Re8 15.g4 b5
16.cxb5 Qa5 17.Bd2 axb5 18.g5 b4 19.Na4 Nd5 20.a3 Bc3 21.axb4 Bxb4 22.Bxb4 Nxb4
23.Qg4 Rxc1 24.Rxc1 Ne5 25.Qe4 Ned3 26.Rd1 Qxg5 27.Rxd3 Nxd3 28.Qxd3 Rc8
29.Kh1 h5 30.Nb6 Rc1+ 31.Bf1 Qc5 32.Nd5 Qxf2 33.Nxe7+ Kh7  0-1

[Event "Hotel Bali Stars"]
[Site "Benidorm ESP"]
[Date "2003.11.28"]
[Round "7"]
[White "Topalov,V"]
[Black "Polgar,Ju"]
[Result "1-0"]
[WhiteElo "2735"]
[BlackElo "2722"]

1.Nf3 Nf6 2.c4 c5 3.g3 b6 4.Bg2 Bb7 5.O-O g6 6.d4 cxd4 7.Qxd4 Bg7 8.Nc3 d6
9.Rd1 Nbd7 10.Be3 a6 11.Rac1 Rb8 12.b3 O-O 13.Qh4 b5 14.cxb5 axb5 15.Nd4 b4
16.Bxb7 Rxb7 17.Nc6 Qe8 18.Nxb4 Qa8 19.Nc6 Nb8 20.Nxb8 Rfxb8 21.Qa4 h5 22.f3 Nd7
23.Qxa8 Rxa8 24.Na4 Bf8 25.Rc2 e6 26.Rdc1 Rbb8 27.Rc7 Nf6 28.Ba7 Rb4 29.Bf2 Nd5
30.Rc8 Rbb8 31.Rxb8 Rxb8 32.Kf1 f5 33.Rc4 Bh6 34.Nc3 Ne3+ 35.Bxe3 Bxe3 36.Rc6 Bc5
37.Na4 Ba3 38.Nb6 Kf7 39.Rc7+ Kg8 40.Nd7 Rb5 41.h4 Kf7 42.Ra7 Bc1 43.a4 Rb4
44.Ne5+ Kf6 45.Nd3 Rxb3 46.Nxc1 Rb1 47.Rc7 Ra1 48.Rc4 d5 49.Rc6 Ke7 50.f4 Kd7
51.Rc2  1-0

[Event "TCh-AUT 2003-4"]
[Site "Graz AUT"]
[Date "2003.11.30"]
[Round "3"]
[White "Wells,P"]
[Black "Bischoff,K"]
[Result "1/2-1/2"]
[WhiteElo "2485"]
[BlackElo "2564"]

1.Nf3 Nf6 2.c4 b6 3.g3 Bb7 4.Bg2 c5 5.O-O g6 6.b3 Bg7 7.Bb2 O-O 8.Nc3 d6
9.e3 e6 10.Qe2 Qe7 11.d4  1/2-1/2

[Event "ch-IND National A"]
[Site "Calicut IND"]
[Date "2003.12.07"]
[Round "6"]
[White "Roktim,B"]
[Black "Ramesh,R"]
[Result "1/2-1/2"]
[WhiteElo "2352"]
[BlackElo "2466"]

1.c4 Nf6 2.Nf3 b6 3.g3 c5 4.Bg2 Bb7 5.O-O g6 6.b3 Bg7 7.Bb2 O-O 8.Nc3 Na6
9.d4 d5 10.dxc5 Nxc5 11.Nxd5 Nxd5 12.Bxg7 Kxg7 13.cxd5 Qxd5  1/2-1/2

[Event "Open"]
[Site "Lilie Litomysl CZE"]
[Date "2003.12.31"]
[Round "8"]
[White "Konopka,M"]
[Black "Bernasek,J"]
[Result "1-0"]
[WhiteElo "2451"]
[BlackElo "2365"]

1.c4 c5 2.Nf3 Nf6 3.g3 b6 4.Bg2 Bb7 5.O-O g6 6.Nc3 Bg7 7.Re1 Ne4 8.Nxe4 Bxe4
9.d4 cxd4 10.Bh6 Bxh6 11.Qxd4 O-O 12.Qxe4 Nc6 13.Rad1 Rc8 14.b3 Bg7 15.h4 h5
16.g4 e6 17.gxh5 gxh5 18.Rd6 f5 19.Qe3 Qe8 20.Red1 Nb8 21.Ng5 Bf6 22.Qg3 Bxg5
23.f4 Qg6 24.hxg5 Rf7 25.Qf3 Re7 26.Qc3 Na6 27.Qe5 Qg7 28.Qxg7+ Kxg7 29.Kf2 Nc5
30.Rh1 Kg6 31.Rd4 e5 32.Rd6+ Ne6 33.e3 e4 34.Rhd1 Kg7 35.Kg3 Kg8 36.Bf1 Kf8
37.Be2 Rh7 38.Kh4 Rc6 39.Rxd7  1-0

[Event "XXIX Open"]
[Site "Seville ESP"]
[Date "2004.01.14"]
[Round "6"]
[White "Campora,D"]
[Black "Matamoros Franco,C"]
[Result "1/2-1/2"]
[WhiteElo "2503"]
[BlackElo "2490"]

1.Nf3 Nf6 2.g3 b6 3.Bg2 Bb7 4.O-O c5 5.c4 g6 6.b3 Bg7 7.Bb2 O-O 8.d3 d6 9.e4 Nbd7
10.Qc2 a6 11.Nc3 e6 12.Rad1 Qc7 13.Rfe1 Rac8 14.h3 Rfd8 15.Nh2 Bc6 16.Nf1 b5  1/2-1/2

[Event "Testa GM"]
[Site "Griesheim GER"]
[Date "2004.01.24"]
[Round "5"]
[White "Savchenko,S"]
[Black "Kunin,V"]
[Result "1/2-1/2"]
[WhiteElo "2543"]
[BlackElo "2425"]

1.Nf3 Nf6 2.c4 b6 3.g3 Bb7 4.Bg2 c5 5.O-O g6 6.Nc3 Bg7 7.Re1 Ne4 8.Nxe4 Bxe4
9.d4 cxd4 10.Bh6 Bxh6 11.Qxd4 O-O 12.Qxe4 Nc6 13.b3 Rc8 14.e3 d6 15.Rac1 Bg7
16.Red1 Qc7 17.Qb1 Qb8 18.Nd2 Ne5 19.Ne4 b5 20.c5 dxc5 21.Nxc5 Rfd8 22.b4 Rxd1+
23.Rxd1 Rd8 24.Nb7 Rxd1+ 25.Qxd1 Qc7 26.Qd8+ Qxd8 27.Nxd8 Kf8 28.Nc6  1/2-1/2

[Event "75th ch-GER"]
[Site "Hoeckendorf GER"]
[Date "2004.02.07"]
[Round "9"]
[White "Schebler,G"]
[Black "Mueller,Ka"]
[Result "1/2-1/2"]
[WhiteElo "2480"]
[BlackElo "2517"]

1.Nf3 c5 2.c4 b6 3.g3 Bb7 4.Bg2 Nf6 5.O-O g6 6.Nc3 Bg7 7.d4 cxd4 8.Qxd4 O-O
9.Qh4 d6 10.Bh6 Nbd7 11.b3 Rc8 12.Rfd1 a6 13.Bxg7 Kxg7 14.Qd4 Kg8 15.Rac1 Bc6
16.Ne1 Bxg2 17.Nxg2 Qc7 18.Ne3 Qb7 19.Ncd5 Rfe8 20.Rc3 Rc6 21.Rdc1 h5 22.h4 Kg7
23.R3c2 e5 24.Qd1 Ne4 25.f3 Nxg3 26.Kf2 f5 27.Kxg3 f4+ 28.Kh2 fxe3 29.Qg1 Qc8
30.Qg5 Qd8 31.Qxd8 Rxd8 32.Nxe3 Nf6 33.Kg3 Kf7 34.Nd5 Nxd5 35.cxd5 Rc5 36.Rxc5 bxc5
37.Rc4 Rb8 38.Ra4 Rb6 39.e4 Kf6 40.f4 Rb4 41.Rxa6 Rxe4 42.Rxd6+ Kf5 43.fxe5 Rg4+
44.Kh3 Kxe5 45.Re6+ Kxd5 46.Re2 g5 47.hxg5 Rxg5 48.Kh4 Rf5 49.Rc2 Kc6 50.Kg3 Kb5
51.Kh4 Kb4 52.Rc4+ Kb5  1/2-1/2